[Event "24. Copenhagen Open  (Politiken Cup)"]
[Site "Copenhagen"]
[Date "2002.07.18"]
[Round "4"]
[White "Auchenberg, Einar"]
[Black "Hansen, Erik Friberg"]
[Result "1-0"]
[WhiteElo "1654"]
[BlackElo "1138"]
[PlyCount "83"]
[EventDate "2002.07.15"]
[EventType "swiss"]
[EventRounds "11"]
[EventCountry "DEN"]
[SourceDate "2004.01.01"]

1. e4 e5 2. Nc3 Nc6 3. f4 Be7 4. Nf3 d6 5. Bc4 Be6 6. Bxe6 fxe6 7. d3 exf4 8.
Bxf4 e5 9. Be3 Nf6 10. Qd2 Qd7 11. O-O-O O-O-O 12. Nd5 a6 13. Rhf1 Rhf8 14. h3
h6 15. g4 g5 16. Qc3 Qe6 17. Qc4 Qd7 18. b4 b5 19. Qxc6 Qxc6 20. Nxe7+ Kb7 21.
Nxc6 Kxc6 22. c4 Nd7 23. Kb2 Rf7 24. cxb5+ axb5 25. d4 Nb6 26. d5+ Kb7 27. Bxb6
Kxb6 28. Rc1 Rdf8 29. Nd2 Kb7 30. Rf5 Kb6 31. Rcf1 Rxf5 32. Rxf5 Rc8 33. Rf6
Rh8 34. Nb3 Kb7 35. Na5+ Kb6 36. Kb3 Rh7 37. a4 Ka6 38. Rf8 bxa4+ 39. Kxa4 Kb6
40. Rb8+ Ka7 41. Nc6+ Ka6 42. b5# 1-0

[Event "24. Copenhagen Open  (Politiken Cup)"]
[Site "Copenhagen"]
[Date "2002.07.18"]
[Round "4"]
[White "Auchenberg, Per"]
[Black "Frank Nielsen, Marie"]
[Result "1-0"]
[WhiteElo "2022"]
[BlackElo "1544"]
[PlyCount "83"]
[EventDate "2002.07.15"]
[EventType "swiss"]
[EventRounds "11"]
[EventCountry "DEN"]
[SourceDate "2004.01.01"]

1. f4 d5 2. b3 Nf6 3. Bb2 Nbd7 4. Nf3 b6 5. g3 Bb7 6. Bg2 c5 7. O-O e6 8. e3
Bd6 9. Qe2 Qc7 10. d3 O-O 11. Nbd2 Rac8 12. c4 Rfe8 13. e4 Ng4 14. e5 Be7 15.
h3 Nh6 16. g4 d4 17. Ne4 Nf8 18. Bc1 Bxe4 19. Qxe4 Qd7 20. Bd2 a5 21. Rab1 Ra8
22. a4 Rac8 23. Rb2 Kh8 24. Bc1 Kg8 25. Qe1 Ng6 26. Qg3 Qd8 27. Bh1 Bh4 28. Qh2
Be7 29. Re2 Rf8 30. Nd2 Qd7 31. Ne4 Kh8 32. Bd2 Nh4 33. Ref2 Qd8 34. f5 exf5
35. gxf5 Rc6 36. f6 gxf6 37. Nxf6 Ng8 38. Bxc6 Nxf6 39. exf6 Rg8+ 40. Kh1 Bd6
41. Bf4 Qc7 42. Be4 1-0

[Event "24. Copenhagen Open  (Politiken Cup)"]
[Site "Copenhagen"]
[Date "2002.07.18"]
[Round "4"]
[White "Baldursson, Rani"]
[Black "Andreasen, Bjarke"]
[Result "1/2-1/2"]
[WhiteElo "1426"]
[BlackElo "1616"]
[PlyCount "128"]
[EventDate "2002.07.15"]
[EventType "swiss"]
[EventRounds "11"]
[EventCountry "DEN"]
[SourceDate "2004.01.01"]

1. e4 c5 2. d4 cxd4 3. c3 d3 4. Bxd3 e6 5. Nf3 d6 6. O-O Nf6 7. Qe2 Be7 8. Rd1
Nc6 9. Be3 Qc7 10. Na3 a6 11. Nc4 b5 12. Ncd2 O-O 13. Rac1 Bb7 14. c4 b4 15.
Nb3 Rfd8 16. Bg5 Rac8 17. Be3 Ne5 18. Nxe5 dxe5 19. f3 a5 20. Qf2 Nd7 21. Kh1
a4 22. Na1 Bc5 23. Nc2 b3 24. axb3 axb3 25. Ne1 Bxe3 26. Qxe3 Nc5 27. Be2 Ba6
28. Rxd8+ Rxd8 29. Nd3 Nxd3 30. Bxd3 Rd4 31. Be2 Qa5 32. Qxb3 h6 33. Rd1 Kh7
34. h3 Qc5 35. Rxd4 exd4 36. Bd3 e5 37. Qa4 Qa7 38. c5 Qxc5 39. Qxa6 Qc1+ 40.
Bf1 Qxb2 41. Qb5 Qc1 42. Qc4 Qe1 43. Kh2 f6 44. Qe2 Qc1 45. Qf2 Qf4+ 46. g3 Qc1
47. f4 exf4 48. Qxf4 Qc2+ 49. Kg1 d3 50. Qf5+ Kh8 51. e5 Qc5+ 52. Qf2 Qc3 53.
exf6 gxf6 54. Qe3 Kg7 55. Qxd3 Qc5+ 56. Kg2 h5 57. Qd7+ Kh6 58. Qd2+ Kg7 59.
Be2 h4 60. Qd7+ Kh6 61. gxh4 Qe5 62. Qg4 Qd5+ 63. Qf3 Qxf3+ 64. Kxf3 f5 1/2-1/2

[Event "24. Copenhagen Open  (Politiken Cup)"]
[Site "Copenhagen"]
[Date "2002.07.18"]
[Round "4"]
[White "Bekker Jensen, David"]
[Black "Kiriakov, Petr"]
[Result "1/2-1/2"]
[WhiteElo "2338"]
[BlackElo "2553"]
[PlyCount "64"]
[EventDate "2002.07.15"]
[EventType "swiss"]
[EventRounds "11"]
[EventCountry "DEN"]
[SourceDate "2004.01.01"]

1. d4 e6 2. c4 Bb4+ 3. Nc3 c5 4. e3 Bxc3+ 5. bxc3 f5 6. e4 Nf6 7. exf5 exf5 8.
Nf3 O-O 9. Be2 d6 10. O-O Ne4 11. Qd3 Nc6 12. Nd2 Qf6 13. Nxe4 fxe4 14. Qxe4
cxd4 15. Bd3 Bf5 16. Qxf5 Qxf5 17. Bxf5 Rxf5 18. cxd4 Nxd4 19. Rd1 Ne2+ 20. Kf1
Nxc1 21. Raxc1 Raf8 22. Rc2 R8f6 23. Rd3 Rc5 24. Rcd2 Rxc4 25. Rxd6 Rxd6 26.
Rxd6 Ra4 27. Rd8+ Kf7 28. Rd7+ Kf6 29. Rxb7 Rxa2 30. g3 a5 31. Ra7 a4 32. Kg2
h6 1/2-1/2

[Event "24. Copenhagen Open  (Politiken Cup)"]
[Site "Copenhagen"]
[Date "2002.07.18"]
[Round "4"]
[White "Bengtsson, Ola"]
[Black "Walseth, Tron"]
[Result "0-1"]
[WhiteElo "2075"]
[BlackElo "1832"]
[PlyCount "76"]
[EventDate "2002.07.15"]
[EventType "swiss"]
[EventRounds "11"]
[EventCountry "DEN"]
[SourceDate "2004.01.01"]

1. d4 Nf6 2. c4 e6 3. Nc3 Bb4 4. Bg5 h6 5. Bh4 O-O 6. e3 c5 7. d5 Bxc3+ 8. bxc3
d6 9. f3 e5 10. Qc2 Re8 11. e4 Nbd7 12. Bd3 Nf8 13. Bf2 Nh5 14. g3 Qf6 15. h4
Bd7 16. O-O-O a6 17. Be2 Qg6 18. g4 Nf4 19. Nh3 b5 20. Rdg1 Nxh3 21. Rxh3 Qf6
22. Be3 Qd8 23. Qd2 Qa5 24. Rhg3 bxc4 25. Bxc4 Reb8 26. Kd1 Rb7 27. Bb3 Ba4 28.
Bxa4 Qxa4+ 29. Qc2 Qc4 30. Bc1 Rab8 31. Kd2 Ng6 32. Rh3 Nf4 33. Rh2 Rb1 34.
Rgh1 Ra1 35. Ke3 Rbb1 36. Rg1 Nxd5+ 37. exd5 Qf4+ 38. Kd3 c4+ 0-1

[Event "24. Copenhagen Open  (Politiken Cup)"]
[Site "Copenhagen"]
[Date "2002.07.18"]
[Round "4"]
[White "Bering, Anders"]
[Black "Andersen, Esben"]
[Result "0-1"]
[WhiteElo "2119"]
[BlackElo "1690"]
[PlyCount "170"]
[EventDate "2002.07.15"]
[EventType "swiss"]
[EventRounds "11"]
[EventCountry "DEN"]
[SourceDate "2004.01.01"]

1. e4 c6 2. d4 d5 3. Nc3 dxe4 4. Nxe4 Nf6 5. Nxf6+ gxf6 6. Nf3 Bf5 7. Bd3 Bxd3
8. Qxd3 e6 9. Be3 Nd7 10. O-O-O Qa5 11. Kb1 Rd8 12. Rhe1 Nc5 13. Qe2 Ne4 14.
Nd2 Nxd2+ 15. Bxd2 Qc7 16. Qf3 Be7 17. Bf4 Qa5 18. Re3 Qd5 19. Qxd5 cxd5 20.
Rb3 b6 21. Rdd3 Bd6 22. Bxd6 Rxd6 23. Rh3 Ke7 24. Rbg3 h5 25. Ra3 Rd7 26. Rh4
Rc7 27. Rah3 Rg8 28. Rg3 Rh8 29. c3 Rcc8 30. Kc2 Rh6 31. Kd3 Rch8 32. Rgh3 f5
33. Rg3 Rg6 34. Ke2 Rxg3 35. hxg3 Kf6 36. f4 a6 37. Rh1 Rh7 38. Kf3 Kg6 39. Rc1
b5 40. a4 Rh8 41. axb5 axb5 42. Ra1 Rb8 43. Ke3 b4 44. Kd3 bxc3 45. Kxc3 Kf6
46. b4 Rg8 47. b5 Rxg3+ 48. Kb4 Rxg2 49. Kc5 Rc2+ 50. Kb6 Rc4 51. Ka7 Rxd4 52.
b6 Rxf4 53. Rb1 Ra4+ 54. Kb7 Ke7 55. Rc1 Rb4 56. Kc7 Kf6 57. b7 Rxb7+ 58. Kxb7
f4 59. Kc6 Kf5 60. Kc5 f3 61. Kd4 Kf4 62. Kd3 e5 63. Rh1 e4+ 64. Kd2 e3+ 65.
Ke1 d4 66. Rh4+ Kg3 67. Rxd4 Kg2 68. Rf4 Kg3 69. Rxf7 h4 70. Rg7+ Kf4 71. Kf1
h3 72. Rh7 Kg3 73. Rh8 h2 74. Rh7 h1=Q+ 75. Rxh1 e2+ 76. Ke1 Kg2 77. Rh8 f2+
78. Kxe2 f1=Q+ 79. Kd2 Qf2+ 80. Kc1 Qe3+ 81. Kc2 Qc5+ 82. Kb1 Qb4+ 83. Kc2 Qc4+
84. Kb1 Qd3+ 85. Kc1 Qc3+ 0-1

[Event "24. Copenhagen Open  (Politiken Cup)"]
[Site "Copenhagen"]
[Date "2002.07.18"]
[Round "4"]
[White "Binau, Daniel"]
[Black "Rasmussen, Henning"]
[Result "1/2-1/2"]
[WhiteElo "1439"]
[BlackElo "1743"]
[PlyCount "45"]
[EventDate "2002.07.15"]
[EventType "swiss"]
[EventRounds "11"]
[EventCountry "DEN"]
[SourceDate "2004.01.01"]

1. f4 d5 2. b3 c5 3. e3 Nf6 4. Bb2 e6 5. g4 Ne4 6. g5 Nc6 7. Bb5 Bd7 8. Nf3 a6
9. Bxc6 Bxc6 10. d3 Nd6 11. Nbd2 Nf5 12. Qe2 d4 13. Nc4 Nxe3 14. Nxe3 dxe3 15.
Qxe3 Qd5 16. Rf1 O-O-O 17. Ne5 Be8 18. O-O-O Qd6 19. Nc4 Qc6 20. Be5 Be7 21.
Qe4 b5 22. Qxc6+ Bxc6 23. Ne3 1/2-1/2

[Event "24. Copenhagen Open  (Politiken Cup)"]
[Site "Copenhagen"]
[Date "2002.07.18"]
[Round "4"]
[White "Brasoy, Aksel"]
[Black "Mortensen, Henrik"]
[Result "1/2-1/2"]
[WhiteElo "1665"]
[BlackElo "2053"]
[PlyCount "65"]
[EventDate "2002.07.15"]
[EventType "swiss"]
[EventRounds "11"]
[EventCountry "DEN"]
[SourceDate "2004.01.01"]

1. d4 Nc6 2. e4 e5 3. d5 Nce7 4. c4 d6 5. Nc3 g6 6. Bd3 Bg7 7. g4 f6 8. Be3 a6
9. h4 Nh6 10. f3 O-O 11. Qd2 Nf7 12. O-O-O c6 13. Nge2 Qa5 14. Kb1 Bd7 15. Ng3
c5 16. h5 g5 17. Nf5 Nxf5 18. exf5 b5 19. Ne4 Qxd2 20. Bxd2 h6 21. Ba5 Rfc8 22.
Rh2 Rab8 23. Rc1 Rb7 24. Kc2 Kf8 25. Kd1 Ke7 26. Rb1 Nd8 27. Bxd8+ Rxd8 28. Kc1
Bf8 29. a3 Rc8 30. b3 Kf7 31. Rc2 Rcb8 32. Rcb2 b4 33. a4 1/2-1/2

[Event "24. Copenhagen Open  (Politiken Cup)"]
[Site "Copenhagen"]
[Date "2002.07.18"]
[Round "4"]
[White "Bromann, Thorbjorn"]
[Black "Hagen, Andreas Skytte"]
[Result "1-0"]
[WhiteElo "2378"]
[BlackElo "2185"]
[PlyCount "93"]
[EventDate "2002.07.15"]
[EventType "swiss"]
[EventRounds "11"]
[EventCountry "DEN"]
[SourceDate "2004.01.01"]

1. b3 Nf6 2. Bb2 g6 3. e4 d6 4. g3 Bg7 5. Bg2 O-O 6. Ne2 c5 7. O-O Nc6 8. h3
Bd7 9. d4 cxd4 10. Nxd4 Nxd4 11. Bxd4 Bc6 12. Re1 Qd7 13. c4 Rfd8 14. Nc3 Ne8
15. h4 Bxd4 16. Qxd4 e5 17. Qe3 Ng7 18. Rad1 Ne6 19. Bh3 Qe7 20. Bxe6 fxe6 21.
Rd2 Rd7 22. Red1 b6 23. Qg5 Kf7 24. f4 Qxg5 25. hxg5 exf4 26. gxf4 Ke7 27. Kf2
Rf8 28. Ke3 Rf7 29. Rf2 Rd8 30. Rfd2 Rd7 31. Rf1 Kd8 32. Ne2 Kc7 33. Nd4 Rde7
34. Rfd1 e5 35. Nxc6 exf4+ 36. Kf3 Kxc6 37. Rxd6+ Kc7 38. R1d5 Rf8 39. Rf6 Rfe8
40. Rxf4 Kb7 41. Ke3 Rh8 42. Rd6 Kc7 43. Rdf6 Re5 44. Rf7+ Kc6 45. R4f6+ Kc5
46. a3 Rc8 47. Kd3 1-0

[Event "24. Copenhagen Open  (Politiken Cup)"]
[Site "Copenhagen"]
[Date "2002.07.18"]
[Round "4"]
[White "Busk, Casper"]
[Black "Nielsen, Jens Holm"]
[Result "1-0"]
[WhiteElo "1874"]
[BlackElo "2098"]
[PlyCount "101"]
[EventDate "2002.07.15"]
[EventType "swiss"]
[EventRounds "11"]
[EventCountry "DEN"]
[SourceDate "2004.01.01"]

1. e4 e5 2. Nf3 d6 3. d4 Qe7 4. Nc3 c6 5. Bd3 g6 6. Bg5 f6 7. Be3 Nh6 8. h3 Bg7
9. Qd2 Nf7 10. g4 b6 11. O-O-O Ba6 12. Rhe1 Bc8 13. Bc4 b5 14. Bxf7+ Kxf7 15.
dxe5 dxe5 16. Nxb5 Be6 17. Nd6+ Kg8 18. Ng1 h5 19. f3 Nd7 20. Qa5 Kh7 21. Ne2
Rhb8 22. gxh5 gxh5 23. Ng3 Qd8 24. Qxd8 Rxd8 25. h4 Bf8 26. Nxh5 Nb6 27. Bc5
Na4 28. Ba3 Bxa2 29. Nxf6+ Kh8 30. Ng4 Rab8 31. Nxe5 Bh6+ 32. Rd2 c5 33. Ndf7+
Bxf7 34. Nxf7+ Kg7 35. Nxh6 Kxh6 36. Rxd8 Rxd8 37. b3 Nc3 38. Bxc5 Nb5 39. c4
Rc8 40. Be3+ Kh5 41. Kb2 Nc7 42. Bxa7 Rf8 43. Rf1 Kxh4 44. b4 Kg3 45. b5 Ra8
46. b6 Na6 47. f4 Nc5 48. f5 Re8 49. f6 Rxe4 50. f7 Re2+ 51. Kc3 1-0

[Event "24. Copenhagen Open  (Politiken Cup)"]
[Site "Copenhagen"]
[Date "2002.07.18"]
[Round "4"]
[White "Carstensen, Jacob"]
[Black "Hansen, Martin Holmegaard"]
[Result "1-0"]
[WhiteElo "2246"]
[BlackElo "1926"]
[PlyCount "53"]
[EventDate "2002.07.15"]
[EventType "swiss"]
[EventRounds "11"]
[EventCountry "DEN"]
[SourceDate "2004.01.01"]

1. d4 Nf6 2. c4 e6 3. Nf3 Bb4+ 4. Bd2 Qe7 5. Qb3 a5 6. a3 Bxd2+ 7. Nbxd2 d6 8.
g3 b6 9. Bg2 Bb7 10. O-O Nbd7 11. Qc2 a4 12. e4 e5 13. Rfe1 c6 14. c5 dxc5 15.
dxe5 Ng4 16. Nc4 O-O 17. h3 Nh6 18. Rad1 b5 19. Nd6 Ba6 20. Nf5 Nxf5 21. exf5
Nb6 22. f6 gxf6 23. Qf5 Bc8 24. Qf4 f5 25. Rd6 Nd5 26. Qh6 Ra7 27. Rf6 1-0

[Event "24. Copenhagen Open  (Politiken Cup)"]
[Site "Copenhagen"]
[Date "2002.07.18"]
[Round "4"]
[White "Casagrande, Fabio"]
[Black "Leimand, Hans Erik"]
[Result "1-0"]
[WhiteElo "2035"]
[BlackElo "1587"]
[PlyCount "47"]
[EventDate "2002.07.15"]
[EventType "swiss"]
[EventRounds "11"]
[EventCountry "DEN"]
[SourceDate "2004.01.01"]

1. e4 c5 2. c3 d6 3. d4 cxd4 4. cxd4 g6 5. Nf3 Bg7 6. Bc4 Nf6 7. Nc3 O-O 8. Bb3
Bd7 9. O-O Qc7 10. Bg5 Qd8 11. e5 dxe5 12. dxe5 Ng4 13. Re1 Qb6 14. Qe2 e6 15.
h3 Nh6 16. Rad1 Bc6 17. Ne4 Bxe4 18. Qxe4 Nc6 19. Rd7 Rac8 20. Qf4 Nf5 21. g4
h6 22. gxf5 hxg5 23. Nxg5 gxf5 24. Qh4 1-0

[Event "24. Copenhagen Open  (Politiken Cup)"]
[Site "Copenhagen"]
[Date "2002.07.18"]
[Round "4"]
[White "Christensen, Esben"]
[Black "Adamski, Jan"]
[Result "0-1"]
[WhiteElo "2099"]
[BlackElo "2304"]
[PlyCount "50"]
[EventDate "2002.07.15"]
[EventType "swiss"]
[EventRounds "11"]
[EventCountry "DEN"]
[SourceDate "2004.01.01"]

1. e4 c5 2. Nf3 e6 3. d4 cxd4 4. Nxd4 Nf6 5. Bd3 Nc6 6. Nb3 d5 7. exd5 Nxd5 8.
O-O Be7 9. a3 Ne5 10. Bb5+ Bd7 11. Bxd7+ Qxd7 12. Qe2 Qc7 13. Nd4 O-O 14. c4
Qxc4 15. Qxc4 Nxc4 16. Nd2 Nxd2 17. Bxd2 Bf6 18. Be3 Rfd8 19. Rad1 Nxe3 20.
fxe3 Rd5 21. Rc1 Rd7 22. Rc4 Rad8 23. Rfc1 g6 24. Rc7 Bg5 25. Kf2 Rxd4 0-1

[Event "24. Copenhagen Open  (Politiken Cup)"]
[Site "Copenhagen"]
[Date "2002.07.18"]
[Round "4"]
[White "Christensen, Stefan"]
[Black "Peralta, Fernando"]
[Result "0-1"]
[WhiteElo "2194"]
[BlackElo "2478"]
[PlyCount "58"]
[EventDate "2002.07.15"]
[EventType "swiss"]
[EventRounds "11"]
[EventCountry "DEN"]
[SourceDate "2004.01.01"]

1. e4 Nf6 2. e5 Nd5 3. d4 d6 4. c4 Nb6 5. exd6 exd6 6. Be3 Be7 7. Nc3 O-O 8.
Qf3 c6 9. O-O-O d5 10. c5 N6d7 11. Bd3 b6 12. cxb6 axb6 13. h4 Nf6 14. Bf5 b5
15. Bxc8 Qxc8 16. h5 b4 17. Nb1 c5 18. Rd2 Ne4 19. Rc2 Rxa2 20. h6 g6 21. Ne2
b3 22. Rxc5 Bxc5 23. dxc5 Qa6 24. Bd4 Ra1 25. Nec3 Qc4 26. Qe3 Nc6 27. f3 Ng3
28. Bg7 d4 29. Qg5 Rxb1+ 0-1

[Event "24. Copenhagen Open  (Politiken Cup)"]
[Site "Copenhagen"]
[Date "2002.07.18"]
[Round "4"]
[White "Dogru, Latif"]
[Black "Jensen, Alexander Lindberg"]
[Result "0-1"]
[WhiteElo "1224"]
[BlackElo "1342"]
[PlyCount "68"]
[EventDate "2002.07.15"]
[EventType "swiss"]
[EventRounds "11"]
[EventCountry "DEN"]
[SourceDate "2004.01.01"]

1. e4 d5 2. d4 dxe4 3. Nc3 Nf6 4. f4 exf3 5. Nxf3 Bg4 6. h3 Bh5 7. Bd3 e6 8.
O-O Nc6 9. Bb5 Qd7 10. Re1 O-O-O 11. g4 Bg6 12. Be3 Bd6 13. Rc1 Nd5 14. Nxd5
exd5 15. c4 a6 16. Ba4 Be7 17. Ne5 Qe6 18. Nxc6 bxc6 19. Bg5 Qd6 20. Bxe7 Qg3+
21. Kf1 Qxh3+ 22. Kf2 Qh2+ 23. Ke3 Rde8 24. Re2 Rxe7+ 25. Kd2 Qf4+ 26. Kc3 Qf3+
27. Kd2 Rhe8 28. Rxe7 Qd3+ 29. Ke1 Rxe7+ 30. Kf2 Qe3+ 31. Kf1 Bd3+ 32. Kg2 Qxd4
33. Rc3 Re2+ 34. Kh1 Qe4+ 0-1

[Event "24. Copenhagen Open  (Politiken Cup)"]
[Site "Copenhagen"]
[Date "2002.07.18"]
[Round "4"]
[White "Dominguez, Lenier"]
[Black "Bjerke, Silje"]
[Result "1-0"]
[WhiteElo "2613"]
[BlackElo "2064"]
[PlyCount "101"]
[EventDate "2002.07.15"]
[EventType "swiss"]
[EventRounds "11"]
[EventCountry "DEN"]
[SourceDate "2004.01.01"]

1. e4 e6 2. d4 d5 3. Nc3 Bb4 4. e5 c5 5. a3 Bxc3+ 6. bxc3 Qc7 7. Qg4 f5 8. Qh5+
g6 9. Qd1 Bd7 10. a4 Nc6 11. Nf3 h6 12. Bb5 a6 13. Bxc6 Bxc6 14. Ba3 c4 15. Bd6
Qf7 16. h4 Ne7 17. a5 Kd7 18. Qc1 g5 19. Bxe7 Qxe7 20. Ke2 g4 21. Ne1 h5 22. g3
Rag8 23. Ng2 Rg7 24. Nf4 Kc8 25. Rb1 Bb5 26. Rb4 Qd7 27. Qa1 Rh6 28. Rhb1 Qc6
29. R1b2 Rc7 30. Qb1 Qd7 31. Rxb5 axb5 32. Rxb5 Rc6 33. Qb4 Rh8 34. Ke3 Qc7 35.
Rb6 Rxb6 36. axb6 Qc6 37. Ng6 Re8 38. Kf4 Qd7 39. Qc5+ Kd8 40. Kg5 Rg8 41. Qc7+
Qxc7 42. bxc7+ Kxc7 43. Kxh5 Kb6 44. Kg5 Ka5 45. Kf6 b5 46. Ne7 Rf8+ 47. Kxe6
f4 48. h5 fxg3 49. fxg3 Rh8 50. Nxd5 Rxh5 51. Kd6 1-0

[Event "24. Copenhagen Open  (Politiken Cup)"]
[Site "Copenhagen"]
[Date "2002.07.18"]
[Round "4"]
[White "Draeger, Michael"]
[Black "Eriksson, Magnus"]
[Result "0-1"]
[WhiteElo "1549"]
[BlackElo "2010"]
[PlyCount "112"]
[EventDate "2002.07.15"]
[EventType "swiss"]
[EventRounds "11"]
[EventCountry "DEN"]
[SourceDate "2004.01.01"]

1. e4 c5 2. Nf3 Nc6 3. d4 cxd4 4. Nxd4 g6 5. Be3 Nf6 6. Nc3 Bg7 7. Be2 O-O 8.
O-O d5 9. exd5 Nxd5 10. Nxd5 Qxd5 11. Bf3 Qc4 12. Nxc6 bxc6 13. c3 Be6 14. Re1
Rab8 15. Be2 Qd5 16. Qc1 a5 17. Rd1 Qe5 18. Bf3 Rbc8 19. Bd4 Qb5 20. Bxg7 Kxg7
21. Rd4 h5 22. b3 Rcd8 23. Qe3 c5 24. Rh4 c4 25. Be2 Rc8 26. g4 hxg4 27. Qh6+
Kf6 28. Qe3 Qe5 29. Bxg4 Qxe3 30. fxe3 Bxg4 31. Rxg4 cxb3 32. axb3 Rxc3 33.
Rxa5 Rxb3 34. Rf4+ Kg7 35. Kf2 Rfb8 36. Ra7 R8b7 37. Ra8 Rb8 38. Ra7 R3b7 39.
Ra1 Rc8 40. Ra2 Rc1 41. Re4 Rbc7 42. Rd2 R1c2 43. Ke2 Rxd2+ 44. Kxd2 Ra7 45. h4
f5 46. Rc4 Ra2+ 47. Kd3 Rh2 48. Ra4 e5 49. Ra7+ Kh6 50. Ra8 Rxh4 51. Rh8+ Kg5
52. Re8 e4+ 53. Kd4 Rh2 54. Ke5 Re2 55. Rd8 Rxe3 56. Rd1 Rg3 0-1

[Event "24. Copenhagen Open  (Politiken Cup)"]
[Site "Copenhagen"]
[Date "2002.07.18"]
[Round "4"]
[White "Edvardsson, Hannu Kalervo"]
[Black "Cohen, Ronnie"]
[Result "0-1"]
[WhiteElo "1300"]
[BlackElo "1800"]
[PlyCount "108"]
[EventDate "2002.07.15"]
[EventType "swiss"]
[EventRounds "11"]
[EventCountry "DEN"]
[SourceDate "2004.01.01"]

1. e4 e6 2. c4 c6 3. Nf3 d5 4. d3 dxe4 5. dxe4 Qxd1+ 6. Kxd1 Bc5 7. Ke2 Nf6 8.
Be3 Nbd7 9. Bxc5 Nxc5 10. e5 Nfd7 11. Nc3 O-O 12. Rd1 Re8 13. b4 Na6 14. a3 Nc7
15. g3 a5 16. b5 cxb5 17. Nxb5 Nxb5 18. cxb5 Nb6 19. Bg2 Nd5 20. Rc1 Bd7 21. a4
Rac8 22. Kd2 Nb6 23. Ra1 Rc4 24. Rhc1 Rec8 25. Ne1 Rxc1 26. Rxc1 Rxc1 27. Kxc1
Nxa4 28. Bxb7 Bxb5 29. Nc2 Nc5 30. Bf3 Nd3+ 31. Kd2 Nxe5 32. Bd1 Kf8 33. Nd4
Be8 34. Kc3 Ke7 35. Kb3 Kd6 36. Ka3 Nc4+ 37. Kb3 Kc5 38. Kc3 a4 39. Be2 Nd6 40.
f3 e5 41. Nc2 Bb5 42. Bd1 e4 43. fxe4 Nxe4+ 44. Kb2 Nf2 45. Bf3 Bd3 46. Ne1 Kb4
47. Bd5 f5 48. Nf3 Be4 49. Bxe4 fxe4 50. Nd4 Nd3+ 51. Ka2 Nc5 52. Nf5 g6 53.
Ne3 Kc3 54. Ka3 Kd3 0-1

[Event "24. Copenhagen Open  (Politiken Cup)"]
[Site "Copenhagen"]
[Date "2002.07.18"]
[Round "4"]
[White "Ekeberg, Carl Fredrik"]
[Black "Kristensen, Jonas Rune"]
[Result "1-0"]
[WhiteElo "2213"]
[BlackElo "1847"]
[PlyCount "57"]
[EventDate "2002.07.15"]
[EventType "swiss"]
[EventRounds "11"]
[EventCountry "DEN"]
[SourceDate "2004.01.01"]

1. Nf3 d5 2. d4 Nf6 3. c4 e6 4. Nc3 Be7 5. Bg5 O-O 6. e3 c6 7. cxd5 exd5 8. Qc2
Nbd7 9. Bd3 h6 10. Bf4 Re8 11. O-O Nh5 12. Nxd5 Nxf4 13. Nxf4 Nf6 14. h3 Nd5
15. Nxd5 Qxd5 16. Bc4 Qh5 17. Ne5 Rf8 18. Ng6 Bd6 19. Nxf8 Kxf8 20. Qe2 Qg6 21.
Bd3 Qf6 22. Rad1 Qh4 23. Qf3 g5 24. Bf5 Bxf5 25. Qxf5 Qh5 26. e4 Re8 27. e5 Bc7
28. f4 Re6 29. fxg5 1-0

[Event "24. Copenhagen Open  (Politiken Cup)"]
[Site "Copenhagen"]
[Date "2002.07.18"]
[Round "4"]
[White "Felgaer, Ruben"]
[Black "Pert, Nicholas"]
[Result "1-0"]
[WhiteElo "2509"]
[BlackElo "2460"]
[PlyCount "89"]
[EventDate "2002.07.15"]
[EventType "swiss"]
[EventRounds "11"]
[EventCountry "DEN"]
[SourceDate "2004.01.01"]

1. e4 e6 2. d4 d5 3. Nc3 Nf6 4. Bg5 dxe4 5. Nxe4 Be7 6. Bxf6 gxf6 7. Nf3 a6 8.
c4 f5 9. Nc3 c5 10. d5 Bf6 11. Qd2 O-O 12. O-O-O e5 13. h4 b5 14. d6 Be6 15. g4
fxg4 16. Bd3 Bg7 17. Ng5 h6 18. Nxe6 fxe6 19. Qe2 Rf4 20. Be4 Ra7 21. cxb5 axb5
22. Qxb5 Qc8 23. Qb6 Rd7 24. Rd2 h5 25. Kb1 Bh6 26. Rhd1 Kg7 27. Rc2 Rdf7 28.
a4 Nd7 29. Qc7 Qf8 30. a5 g3 31. fxg3 Rf1 32. Rxf1 Rxf1+ 33. Ka2 Rf7 34. a6 Nf6
35. Qxc5 Nxe4 36. Nxe4 Qa8 37. Qc6 Qd8 38. Rc5 Be3 39. Rxe5 Bd4 40. Rg5+ Kh6
41. Qc1 Kh7 42. Rxh5+ Kg8 43. Qg5+ Qxg5 44. Rxg5+ Kf8 45. Rb5 1-0

[Event "24. Copenhagen Open  (Politiken Cup)"]
[Site "Copenhagen"]
[Date "2002.07.18"]
[Round "4"]
[White "Glud, Jakob Vang"]
[Black "El Kher, Henrik"]
[Result "0-1"]
[WhiteElo "2180"]
[BlackElo "2355"]
[PlyCount "128"]
[EventDate "2002.07.15"]
[EventType "swiss"]
[EventRounds "11"]
[EventCountry "DEN"]
[SourceDate "2004.01.01"]

1. e4 c5 2. Nf3 e6 3. d4 cxd4 4. Nxd4 Nf6 5. Nc3 d6 6. g4 h6 7. Rg1 g5 8. Be3
a6 9. a4 Nbd7 10. Qe2 b6 11. f3 Bb7 12. h4 gxh4 13. Bh3 Qe7 14. a5 d5 15. exd5
Nxd5 16. Nxd5 Bxd5 17. axb6 Bg7 18. c3 Nxb6 19. Rxa6 Rxa6 20. Qxa6 Qb7 21. Qb5+
Nd7 22. Qxb7 Bxb7 23. Kf2 Ne5 24. Bf1 O-O 25. f4 Nd7 26. Bg2 Rb8 27. Rb1 Nf6
28. Bf3 Be4 29. Bxe4 Nxe4+ 30. Kf3 Nxc3 31. Rh1 Rxb2 32. Rxh4 Nd5 33. Rh1 Rb4
34. Nc2 Rc4 35. Rh2 Rc3 36. Ke4 Rc4+ 37. Kf3 Bf8 38. Re2 Rc3 39. Ke4 Rb3 40.
Rd2 Nf6+ 41. Kf3 Bc5 42. Ke2 Be7 43. Kf3 Nd5 44. Ke4 Rc3 45. Bf2 Nf6+ 46. Kd4
Rf3 47. Be3 Nxg4 48. Ke4 Rf1 49. Rg2 f5+ 50. Kd3 Kf7 51. Nd4 Nxe3 52. Kxe3 Bc5
53. Rd2 Kf6 54. Rd3 Rh1 55. Kd2 Rh2+ 56. Ke1 Rh1+ 57. Kd2 h5 58. Nf3 Bf8 59.
Ng5 Bh6 60. Rh3 Rxh3 61. Nxh3 e5 62. Ke3 Bxf4+ 63. Kf3 Bc1 64. Nf2 Ba3 0-1

[Event "24. Copenhagen Open  (Politiken Cup)"]
[Site "Copenhagen"]
[Date "2002.07.18"]
[Round "4"]
[White "Gottschalck, Christian"]
[Black "Bilfeldt, Anders"]
[Result "1-0"]
[WhiteElo "1676"]
[BlackElo "1287"]
[PlyCount "171"]
[EventDate "2002.07.15"]
[EventType "swiss"]
[EventRounds "11"]
[EventCountry "DEN"]
[SourceDate "2004.01.01"]

1. e4 c6 2. d4 d5 3. exd5 cxd5 4. Bd3 Nc6 5. c3 e6 6. Bf4 Nf6 7. Nd2 Be7 8.
Ngf3 Bd7 9. O-O Nh5 10. Be3 Qc7 11. Re1 h6 12. Ne5 Nxe5 13. dxe5 g6 14. Nf3 Ng7
15. Rc1 b5 16. Qd2 g5 17. h3 a6 18. Qe2 Qb7 19. Rc2 Nf5 20. Bd2 Bc5 21. Kf1 Ke7
22. Nh2 Ba7 23. Ng4 Qb6 24. Bxf5 exf5 25. Be3 Qb7 26. Nxh6 Bxe3 27. Qxe3 f4 28.
Qc5+ Ke8 29. e6 Bxe6 30. Nf5 Kd8 31. Qd6+ Qd7 32. Qe5 Rh7 33. Nd4 g4 34. Nxe6+
fxe6 35. Qxf4 gxh3 36. gxh3 Kc8 37. Rce2 Rxh3 38. Rxe6 Rh1+ 39. Kg2 Rxe1 40.
Rxe1 Kb7 41. Qg5 Kb6 42. Qf6+ Ka5 43. Qg6 b4 44. cxb4+ Kxb4 45. Qb6+ Qb5 46.
Qd4+ Ka5 47. Re3 Rg8+ 48. Rg3 Rxg3+ 49. Kxg3 Qb8+ 50. f4 Qd6 51. a3 Qg6+ 52.
Kf3 Qh5+ 53. Ke3 Qh3+ 54. Kd2 Qg2+ 55. Kc3 Qf3+ 56. Kc2 Qg2+ 57. Kb1 Kb5 58.
Qd3+ Kb6 59. f5 a5 60. a4 Qg4 61. Qb5+ Kc7 62. Qxa5+ Kd6 63. Qa6+ Kc5 64. f6 d4
65. f7 Qf5+ 66. Kc1 Qxf7 67. Qb5+ Kd6 68. a5 Qf4+ 69. Kb1 Qe4+ 70. Kc1 d3 71.
Qb6+ Kd7 72. Qf2 Kc8 73. Qd2 Qh1+ 74. Qd1 Qh6+ 75. Kb1 Qe3 76. Qc1+ Qxc1+ 77.
Kxc1 Kb7 78. b4 Ka6 79. Kd2 Kb7 80. Kxd3 Ka6 81. Kc4 Ka7 82. b5 Kb7 83. Kc5 Ka7
84. Kc6 Kb8 85. Kb6 Ka8 86. Kc7 1-0